000 00507nam a22001697a 4500
005 20251108164654.0
008 250721s1985 xx 000 0 ara d
082 1 4 _a811.06/طاه
100 1 _aعوض، طاهر عبد اللطيف
245 1 0 _aالإسلام في شعر حمام /
264 1 _aالقاهرة :
_bمكتبة الكليات الأزهرية،
_c1985.
300 _a323 ص
650 1 7 _aشعر التصوف
650 1 7 _aالشعر الديني
942 _2ddc
_cBK
999 _c11471
_d11471